Do Kežmarku sa v lete vráti fontána

Bibliographic Details
Main Author: (jat) (Author)
Format: Article
Language:Slovak
ISSN:1210-2423
Subjects:

MARC

LEADER 00000nab a2200000 r4500
001 vtls011749296
003 SK-MaSNL
005 20260305022322.0
008 180405c2018 xo wr|p|||||||000 b|slo
015 |a SNBRB2018/04 
038 |a PPPK 
040 |a PPPKCL  |b slo  |e rda 
041 0 |a slo 
043 |a e-xo--- 
044 |a xo  |c SK 
072 7 |a 72  |x Architektúra  |2 konspekt 
080 |a 711.4  |x (437.6)  |2 2011 
080 |a 725.948  |2 2011 
080 |a 005.591  |2 2011 
100 0 |a (jat)  |4 aut  |9 1086320 
245 1 0 |a Do Kežmarku sa v lete vráti fontána  |c [autor] (jat) 
336 |a text  |b txt  |2 rdacontent 
337 |a bez média  |b n  |2 rdamedia 
338 |a zväzok  |b nc  |2 rdacarrier 
610 1 7 |a Interreg V-A (program)  |2 pppkcl  |9 1107408 
610 1 7 |a Kežmarok (Slovensko).  |b Mestský úrad  |2 pppkcl  |9 177160 
650 0 7 |a mestá  |2 pppkcl  |9 2929 
650 0 7 |a fontány  |2 pppkcl  |9 3014 
650 0 7 |a projekty  |2 pppkcl  |9 18866 
651 7 |a Kežmarok (Slovensko)  |2 pppkcl  |9 26808 
773 0 |t Podtatranské noviny  |g Roč. LIX, č. 9 (2018), s. 7  |x 1210-2423 
852 |a PPPK  |b KIS3GCP 
999 |c 3290113  |d 3292043